000 00678nam a22002537a 4500
999 _c309757
_d309757
001 23509
003 UA-OsUOA
005 20200429002449.0
007 ta
008 20040122b un ||||| |||| 00| 0 ukr d
020 _a5120048005
040 _aUA-OsUOA
_bukr
_cUA-OsUOA
_dUA-OsUOA
041 _aukr
044 _aUA
080 _a303.1(075.8)
090 _a303.1(075.8)
_bП16
100 _aПаніна Н.В.
245 _aТехнологія соціологічного дослідження
_bНавчальний посібник
260 _aКиїв
_bНАУКОВА ДУМКА
_c1996
300 _a231 с.
650 7 _2UDC
942 _cBK
_2udc
955 _a2